000 00679nam a22002057a 4500
005 20251216105230.0
010 _aENG-147304
020 _a9789381632758
_c500.00
035 _aEN-130836
037 _bDBAD
082 _a338.74
_21
100 _aPandey, Indu Shekhar
_986102
245 _aAn Economic Study of Public Undertakings Government/
_cIndu Shekhar Pandey [and] Phanundra Kumar Sinha
250 _a1
260 _aNew Delhi
_bSatyam Publishing House
_c2013
270 _aN-3/25, Mohan Garden, Uttam Nagar
_bNew Delhi
_e110059
300 _a123p.
_c21c.m.(Hb)
700 _aSinha, Phanundra Kumar
_eAuthor
_986103
942 _2ddc
_cEN
_h338.74
_kPAN
999 _c213935
_d213935